000
00310nam a2200133Ia 4500
008
220204s9999 xx 000 0 und d
082
_a
633.72
_b
HAR
100
_a
HARLER, C R
245
0
_a
Tea growing
260
_a
London
_b
Oxford
_c
1966
490
_a
Oxford tropical handbooks
650
_a
Tea
942
_c
BK
999
_c
21133
_d
21133